| 000 | 00840nam a22002297a 4500 | ||
|---|---|---|---|
| 005 | 20100306114949.0 | ||
| 008 | 100306t xxu||||| |||| 00| 0 eng d | ||
| 010 | _aENG-95863 | ||
| 020 |
_a8178242575 _c750.00 |
||
| 020 |
_a9788178242576 _c750.00 |
||
| 035 | _aEN-79396 | ||
| 037 | _bDBAD/PUB | ||
| 040 | _aDPL | ||
| 100 | _aRaghavan, Srinath | ||
| 245 |
_aWar and peace in modern India: _bA strategic History of the Nehru years/ _cby Srinath Raghavan |
||
| 260 |
_aRanikher _bPermanent Black _c2010 |
||
| 270 |
_aHimalayana, Mall Road, Ranikher Cantt, _bRanikher _e263645 |
||
| 300 |
_axxvi, 359p _c23 cm (Hb) _eBibliography and Index |
||
| 650 | _2History | ||
| 942 |
_2ddc _cEN _mRAG |
||
| 999 |
_c34468 _d34468 |
||